[Event "17ème Open International de La Réunion"]
[Site "Saint Denis"]
[Date "2015.10.10"]
[Round "9.10"]
[White "Ringayen, Rose-May"]
[Black "Neu, Jeannot"]
[Result "0-1"]
[WhiteElo "1661"]
[BlackElo "1694"]
[PlyCount "108"]
[EventDate "2015.??.??"]

1. e4 c5 2. Nf3 Nc6 3. Bc4 Nf6 4. Nc3 e6 5. O-O a6 6. a4 d6 7. Re1 Qc7 8. d4
cxd4 9. Nxd4 Ne5 10. Be2 Be7 11. Bf3 Bd7 12. Bg5 h6 13. Bxf6 Bxf6 14. Be2 Rc8
15. Bd3 O-O 16. Nde2 Rfe8 17. Ng3 g6 18. f4 Qc5+ 19. Kh1 Nxd3 20. Qxd3 Bc6 21.
e5 dxe5 22. Nge4 Bxe4 23. Nxe4 Qe7 24. Nxf6+ Qxf6 25. fxe5 Qf5 26. Qxf5 exf5
27. Re2 Re6 28. Rae1 Rce8 29. Kg1 f6 30. Rd1 b6 31. Red2 fxe5 32. Rd6 e4 33.
Kf2 e3+ 34. Ke2 f4 35. h4 Kf7 36. Rxe6 Rxe6 37. Rf1 g5 38. hxg5 hxg5 39. g3 Rf6
40. gxf4 gxf4 41. c3 Ke6 42. Rd1 Ke5 43. b3 Rc6 44. Rd3 a5 45. Kf3 Rg6 46. Rd1
Rg3+ 47. Ke2 Rg2+ 48. Kd3 Rb2 49. b4 axb4 50. cxb4 Rxb4 51. Ra1 Rd4+ 52. Ke2
Ke4 53. Ra2 f3+ 54. Ke1 f2+ 0-1

[Event "17ème Open International de La Réunion"]
[Site "Saint Denis"]
[Date "2015.10.10"]
[Round "9.11"]
[White "Cochard, Franck-Olivier"]
[Black "Calmels, Nicolas"]
[Result "0-1"]
[WhiteElo "1646"]
[BlackElo "1945"]
[PlyCount "136"]
[EventDate "2015.??.??"]

1. Nf3 Nf6 2. d4 d5 3. Bg5 h6 4. Bxf6 exf6 5. a3 b6 6. e3 Bd6 7. c4 Bb7 8. cxd5
Bxd5 9. Bb5+ c6 10. Ba4 Bc4 11. Nc3 Ba6 12. Rc1 b5 13. Bc2 O-O 14. Bd3 Qd7 15.
Qc2 b4 16. Bxa6 Nxa6 17. Ne4 bxa3 18. bxa3 Bxa3 19. Qxc6 Qe7 20. Ra1 Nb4 21.
Qa4 Nd3+ 22. Ke2 Nf4+ 23. Kf1 Bb2 24. Rb1 Qxe4 25. Rxb2 Nxg2 26. Kxg2 Qg4+ 27.
Kf1 Qxf3 28. Rg1 Rfc8 29. Rb1 Rab8 30. Qd1 Rxb1 31. Qxb1 Qh3+ 32. Rg2 a5 33.
Kg1 a4 34. Rg3 Qh5 35. Qa1 Qa5 36. e4 Rc4 37. d5 Rxe4 38. Qxf6 Re1+ 39. Kg2
Qxd5+ 40. Kh3 Qh5+ 41. Kg2 Qd5+ 42. Kh3 Qe6+ 43. Qxe6 Rxe6 44. Ra3 Re4 45. Kg3
g5 46. f3 Rh4 47. Rd3 Kf8 48. Re3 f6 49. Re6 Kf7 50. Ra6 h5 51. Ra5 Rf4 52. h3
Rd4 53. Ra7+ Kg6 54. Ra6 Rd2 55. h4 Rd4 56. hxg5 h4+ 57. Kh3 Kxg5 58. Ra8 Kf4
59. Kxh4 Kxf3+ 60. Kh5 f5 61. Kg5 f4 62. Kf5 Kf2 63. Ke5 Rb4 64. Kd5 f3 65. Rg8
Kf1 66. Rf8 f2 67. Ra8 Rg4 68. Rc8 Kg1 0-1

[Event "17ème Open International de La Réunion"]
[Site "Saint Denis"]
[Date "2015.10.10"]
[Round "9.12"]
[White "Hoareau, Noe"]
[Black "Rajaobelina, Hery"]
[Result "1-0"]
[WhiteElo "1495"]
[BlackElo "1787"]
[PlyCount "53"]
[EventDate "2015.??.??"]

1. e4 c5 2. c3 d5 3. exd5 Qxd5 4. d4 Nf6 5. Nf3 Bg4 6. Be2 e6 7. Be3 cxd4 8.
Bxd4 Nc6 9. O-O Nxd4 10. cxd4 Qa5 11. Qb3 Qb4 12. Bb5+ Kd8 13. Ne5 Qxb3 14.
axb3 Bf5 15. Nxf7+ Ke7 16. Nxh8 g5 17. Nc3 Bg7 18. Rfe1 Nh5 19. d5 e5 20. d6+
Kf8 21. Bc4 Bxh8 22. Bd5 Rd8 23. Rxa7 Rxd6 24. Rxb7 Bg6 25. Bc4 Nf4 26. Rb8+
Kg7 27. Rg8+ 1-0

[Event "17ème Open International de La Réunion"]
[Site "Saint Denis"]
[Date "2015.10.10"]
[Round "9.13"]
[White "Sandjivy, Mateo"]
[Black "Duprey, Francois-Xavier"]
[Result "0-1"]
[WhiteElo "1384"]
[BlackElo "1720"]
[PlyCount "88"]
[EventDate "2015.??.??"]

1. e4 c5 2. Nf3 d6 3. Nc3 a6 4. g3 Nc6 5. Ne2 Nf6 6. d3 g6 7. Bg2 Bg7 8. O-O
O-O 9. Be3 Ng4 10. Rb1 Nxe3 11. fxe3 Rb8 12. b3 b5 13. d4 Bb7 14. c3 Qc8 15. a3
Qg4 16. Qd3 Na5 17. Nd2 Rfc8 18. c4 Ba8 19. b4 Nxc4 20. Nxc4 bxc4 21. Qxc4 cxd4
22. Qxf7+ Kh8 23. Bf3 Qg5 24. exd4 Qe3+ 25. Rf2 Bxe4 26. Rb3 Rc1+ 27. Nxc1
Qxc1+ 28. Rf1 Bxd4+ 29. Kg2 Qd2+ 30. Kh3 Bc2 31. Bd5 Bxb3 32. Bxb3 Bf6 33. Rxf6
Qh6+ 34. Kg2 exf6 35. Qxf6+ Qg7 36. Qxd6 Rf8 37. Kh3 h5 38. Qxa6 g5 39. Qb5 Kh7
40. Bc2+ Kh8 41. Kg2 Qf6 42. Qe2 Rf7 43. Bd1 Kg7 44. Qxh5 Qf1# 0-1

[Event "17ème Open International de La Réunion"]
[Site "Saint Denis"]
[Date "2015.10.10"]
[Round "9.14"]
[White "Herrero, Alain"]
[Black "Chan-Faye, Yoann"]
[Result "1-0"]
[WhiteElo "1689"]
[BlackElo "1592"]
[PlyCount "101"]
[EventDate "2015.??.??"]

1. d4 d5 2. c4 e6 3. Nc3 Nf6 4. cxd5 Nxd5 5. Nf3 Nd7 6. e4 N5b6 7. Bd3 c5 8. d5
Nf6 9. Bb5+ Bd7 10. dxe6 Bxb5 11. exf7+ Kxf7 12. Ng5+ Ke8 13. Qxd8+ Rxd8 14.
Nxb5 a6 15. Nc7+ Ke7 16. Be3 Nbd7 17. Rd1 h6 18. Nge6 Rc8 19. f3 Ne8 20. Nxf8
Rxf8 21. Nd5+ Kf7 22. Ke2 Rc6 23. Rd2 Nd6 24. Rc1 Rfc8 25. a4 b5 26. axb5 axb5
27. b3 Ra8 28. Rb2 c4 29. bxc4 Nxc4 30. Rbc2 Rg6 31. g3 Nde5 32. Bf4 Nc6 33.
Rd1 Ra7 34. Nc7 Ra5 35. Nxb5 Rxb5 36. Rxc4 Na5 37. Rc7+ Kg8 38. Be5 Rxe5 39.
Rd8+ Kh7 40. Rdd7 Rh5 41. g4 Rxh2+ 42. Ke3 Rh3 43. Kf4 Rf6+ 44. Ke5 Rg6 45. Kf4
Rh1 46. Rf7 Rf1 47. e5 Re1 48. Kf5 Nc6 49. Rxg7+ Rxg7 50. Rxc6 Rg5+ 51. Kf6 1-0

[Event "17ème Open International de La Réunion"]
[Site "Saint Denis"]
[Date "2015.10.10"]
[Round "9.15"]
[White "Jotee, Ashvin"]
[Black "Melon, Antonin"]
[Result "1-0"]
[WhiteElo "1680"]
[BlackElo "1520"]
[PlyCount "67"]
[EventDate "2015.??.??"]

1. c4 e5 2. Nc3 Nf6 3. g3 Bc5 4. Bg2 a6 5. Nf3 d6 6. d4 exd4 7. Nxd4 Bd7 8.
Bxb7 Ra7 9. Bg2 Bxd4 10. Qxd4 Nc6 11. Qd1 O-O 12. O-O Qc8 13. e4 Bh3 14. Re1
Bxg2 15. Kxg2 Ne5 16. b3 Nfg4 17. f3 Nf6 18. Nd5 Qe6 19. Be3 Rb7 20. Rc1 c6 21.
Nxf6+ Qxf6 22. f4 Nd7 23. Bd4 Qh6 24. Rc2 f5 25. e5 dxe5 26. fxe5 f4 27. Rf2 c5
28. Bb2 Rf5 29. Qd5+ Kh8 30. Qxb7 g6 31. Qc8+ Kg7 32. Qxd7+ Kg8 33. Qd5+ Kf8
34. Qd8+ 1-0

[Event "17ème Open International de La Réunion"]
[Site "Saint Denis"]
[Date "2015.10.10"]
[Round "9.16"]
[White "Sawmynaden, Righen"]
[Black "Desor, Helmut"]
[Result "1-0"]
[WhiteElo "1616"]
[BlackElo "1767"]
[PlyCount "84"]
[EventDate "2015.??.??"]

1. d4 Nf6 2. c4 c6 3. Nc3 d5 4. Nf3 h6 5. Bf4 e6 6. Rc1 Bd6 7. Bxd6 Qxd6 8. e3
Nbd7 9. cxd5 exd5 10. Bd3 O-O 11. O-O Re8 12. Qc2 Qe7 13. Nd2 Qd6 14. Ne2 Nf8
15. Ng3 Bd7 16. Nb3 b6 17. Nf5 Bxf5 18. Bxf5 g6 19. Qxc6 Qxc6 20. Rxc6 N8h7 21.
Bd3 Ne4 22. Rfc1 Nf8 23. Ba6 Kg7 24. Rc8 Raxc8 25. Rxc8 Rxc8 26. Bxc8 Nh7 27.
Nc1 Nd6 28. Bg4 f5 29. Be2 Nf6 30. f3 Kf7 31. Nd3 Nd7 32. b3 Kf6 33. Nb4 Ke6
34. Nd3 g5 35. h3 Nb5 36. Nc5+ bxc5 37. Bxb5 cxd4 38. Bxd7+ Kxd7 39. exd4 Kc6
40. Kf2 Kb5 41. a3 a5 42. Ke3 a4 1-0

[Event "17ème Open International de La Réunion"]
[Site "Saint Denis"]
[Date "2015.10.10"]
[Round "9.17"]
[White "Bah, Ismael"]
[Black "Romain, Juliane"]
[Result "1/2-1/2"]
[WhiteElo "1754"]
[BlackElo "1364"]
[PlyCount "110"]
[EventDate "2015.??.??"]

1. d4 d5 2. Nf3 Bf5 3. e3 e6 4. a3 c5 5. Bd3 Bxd3 6. cxd3 Nc6 7. O-O cxd4 8.
exd4 Nf6 9. Bg5 Be7 10. Nc3 O-O 11. Qa4 Qb6 12. Rab1 Rac8 13. Ne5 Rfd8 14. Ne2
a6 15. Rfc1 Rc7 16. h3 Rdc8 17. Nf3 Qa7 18. Bf4 Rd7 19. Ne5 Rdc7 20. Nf3 Rd7
21. b4 b5 22. Qd1 Bd6 23. Bxd6 Rxd6 24. Rc2 Rd7 25. Rbc1 Rdc7 26. Qd2 Nd7 27.
Qf4 f6 28. Qd6 Ndb8 29. Qxe6+ Kh8 30. Qxd5 Rd8 31. Qc5 Nxd4 32. Qxa7 Nxf3+ 33.
gxf3 Rxa7 34. Rc8 Rad7 35. d4 Kg8 36. R1c7 Rd6 37. Kg2 Kf8 38. Nf4 Kg8 39.
Rxd8+ Rxd8 40. Ne6 Rd7 41. Rc8+ Kf7 42. Nd8+ Ke7 43. Rxb8 Rxd8 44. Rxd8 Kxd8
45. f4 Kd7 46. Kf3 f5 47. h4 h5 48. Ke3 Kd6 49. f3 Kd5 50. Kd3 Kd6 51. Kd2 Kd5
52. Kc3 Kd6 53. d5 Kxd5 54. Kd3 g6 55. Kc3 Kc6 1/2-1/2

[Event "17ème Open International de La Réunion"]
[Site "Saint Denis"]
[Date "2015.10.10"]
[Round "9.18"]
[White "Assie, Joel"]
[Black "Goorsahye, Antoine"]
[Result "1/2-1/2"]
[WhiteElo "1450"]
[BlackElo "1741"]
[PlyCount "109"]
[EventDate "2015.??.??"]

1. d4 Nf6 2. Nf3 e6 3. Bf4 Be7 4. Nbd2 b6 5. e4 Bb7 6. Bd3 O-O 7. O-O d6 8. c3
Nbd7 9. Qc2 Nh5 10. Be3 e5 11. Rfe1 Rc8 12. Nb3 a6 13. Qe2 Nhf6 14. Nfd2 b5 15.
Na5 Ba8 16. d5 Nc5 17. Nc6 Bxc6 18. dxc6 Qe8 19. Bxc5 dxc5 20. c4 b4 21. b3
Qxc6 22. Rad1 h6 23. Nf3 Qe6 24. Bc2 Rfd8 25. Rxd8+ Rxd8 26. Rd1 Nd7 27. Rd3
Nb8 28. Rd5 Nc6 29. Rxd8+ Bxd8 30. Bd3 g5 31. h3 Ne7 32. Nh2 Ng6 33. Qg4 Qd6
34. Bc2 Kg7 35. Qd1 Nf4 36. Ng4 Qxd1+ 37. Bxd1 Bf6 38. Ne3 c6 39. Kf1 Ne6 40.
g3 Nd4 41. Kg2 Kg6 42. g4 Bg7 43. f3 Kf6 44. Kf2 Ke6 45. Ke1 Kd7 46. Kf2 a5 47.
Kg3 Kc7 48. Nf5 Bf8 49. Ne3 Ne6 50. Ng2 Nf4 51. Nxf4 exf4+ 52. Kf2 Kd6 53. Ke2
Bg7 54. Kd3 Bc3 55. Be2 1/2-1/2

[Event "17ème Open International de La Réunion"]
[Site "Saint Denis"]
[Date "2015.10.10"]
[Round "9.19"]
[White "Genne, Rene"]
[Black "Sandjivy, Jean Marc"]
[Result "0-1"]
[WhiteElo "1727"]
[BlackElo "1320"]
[PlyCount "74"]
[EventDate "2015.??.??"]

1. b4 e5 2. Bb2 Bd6 3. e3 Nf6 4. c4 b6 5. b5 O-O 6. Nf3 Re8 7. Be2 c6 8. O-O
cxb5 9. cxb5 e4 10. Nd4 Be5 11. Qc2 Bxd4 12. Bxd4 d5 13. d3 Qd6 14. Qc3 Bg4 15.
Bxg4 Nxg4 16. g3 Qh6 17. h4 Nd7 18. Kg2 Re6 19. dxe4 dxe4 20. Nd2 Rg6 21. Rh1
f5 22. f3 exf3+ 23. Nxf3 Re8 24. Rae1 Rge6 25. Qb3 Kh8 26. Ng5 Qg6 27. Nxe6
Rxe6 28. Qc3 Qf7 29. Rhf1 Re4 30. Qc8+ Re8 31. Qb7 Qxa2+ 32. Kf3 Nh2+ 33. Kf4
Nxf1 34. Rxf1 Qf7 35. Rc1 Re4+ 36. Kf3 Ne5+ 37. Bxe5 Qxb7 0-1

[Event "17ème Open International de La Réunion"]
[Site "Saint Denis"]
[Date "2015.10.10"]
[Round "9.20"]
[White "Andriandaza, Tombo Omar"]
[Black "Mercadal, Theo"]
[Result "1-0"]
[WhiteElo "1721"]
[BlackElo "1143"]
[PlyCount "74"]
[EventDate "2015.??.??"]

1. e4 e5 2. f4 d6 3. Nf3 exf4 4. Bc4 g6 5. O-O Bg7 6. d4 Nf6 7. e5 dxe5 8. dxe5
Qxd1 9. Rxd1 Nfd7 10. e6 fxe6 11. Bxe6 Nc6 12. Na3 Nb6 13. Ng5 a6 14. c3 h6 15.
Bxc8 hxg5 16. Bxb7 Ne5 17. Bxa8 Nxa8 18. Rd5 c6 19. Rd1 Ke7 20. Nc2 Rf8 21. Nd4
g4 22. b3 f3 23. Ba3+ Kf6 24. Bxf8 Bxf8 25. gxf3 gxf3 26. b4 c5 27. Nxf3 Nxf3+
28. Kf2 Ne5 29. Rd8 Kg7 30. Rxa8 cxb4 31. cxb4 Bxb4 32. Rxa6 Bc3 33. Rb1 Bd4+
34. Kg2 Ng4 35. a4 Ne3+ 36. Kf3 Nf5 37. Ra8 Bc3 1-0

[Event "17ème Open International de La Réunion"]
[Site "Saint Denis"]
[Date "2015.10.10"]
[Round "9.21"]
[White "Romain, Arnaud"]
[Black "Collet, Jean Daniel"]
[Result "1-0"]
[WhiteElo "1575"]
[BlackElo "1656"]
[PlyCount "87"]
[EventDate "2015.??.??"]

1. d4 Nf6 2. e3 g6 3. Nf3 Bg7 4. Bd3 d6 5. Nbd2 Nc6 6. a3 Ng4 7. c3 e5 8. d5
Ne7 9. c4 f5 10. e4 O-O 11. Rb1 fxe4 12. Nxe4 Nf6 13. Bg5 Nxe4 14. Bxe4 Qe8 15.
O-O Qd7 16. Qe2 Nf5 17. Qd2 h6 18. Bxf5 Qxf5 19. Bxh6 Qh5 20. Bxg7 Kxg7 21. Qg5
Qh7 22. Qe7+ Rf7 23. Qxf7+ Kxf7 24. Ng5+ Kg7 25. Nxh7 Kxh7 26. Rbe1 Bf5 27. Re3
Kg7 28. Rc1 b6 29. b4 Kf6 30. f3 g5 31. Kf2 g4 32. fxg4 Bxg4 33. h3 Bh5 34. g4
Bg6 35. Kg3 Rg8 36. h4 e4 37. Kf4 Rf8 38. h5 Bh7 39. g5+ Kg7+ 40. Kg3 Re8 41.
Rf1 Rf8 42. Rxf8 Kxf8 43. g6 Bg8 44. Rxe4 1-0

[Event "17ème Open International de La Réunion"]
[Site "Saint Denis"]
[Date "2015.10.10"]
[Round "9.22"]
[White "Strate, Wolfgang"]
[Black "Triton, Maxime"]
[Result "1/2-1/2"]
[WhiteElo "1628"]
[BlackElo "1605"]
[PlyCount "135"]
[EventDate "2015.??.??"]

1. d4 Nf6 2. c4 g6 3. Nc3 Bg7 4. e4 d6 5. Be2 O-O 6. Nf3 Nbd7 7. O-O e5 8. dxe5
dxe5 9. Bg5 h6 10. Bxf6 Bxf6 11. Qd2 Bg7 12. Rfd1 c6 13. Qd6 g5 14. Ne1 Qf6 15.
Bh5 Re8 16. Qc7 Nf8 17. Rd6 Ne6 18. Qa5 Bf8 19. Rd3 Nf4 20. Rf3 Qd8 21. Qxd8
Rxd8 22. g4 Rd2 23. Rd1 Rxd1 24. Nxd1 Be6 25. Ne3 Rd8 26. N1c2 Rd2 27. Kf1
Bxc4+ 28. Nxc4 Rxc2 29. Rc3 Rxc3 30. bxc3 Bg7 31. Nd6 Nxh5 32. gxh5 b5 33. Nc8
a6 34. Ne7+ Kf8 35. Nxc6 Ke8 36. Nb4 a5 37. Nc6 Kd7 38. Nxa5 Ke6 39. Ke2 f5 40.
f3 g4 41. Nb3 Bf8 42. fxg4 fxg4 43. Nd2 Kf6 44. Nf1 Bc5 45. Ne3 Kg5 46. Nd5 Bg1
47. Kf1 Bxh2 48. Nc7 Kf4 49. Nxb5 Kxe4 50. a4 Bf4 51. a5 Kd3 52. a6 Be3 53. a7
Bxa7 54. Nxa7 e4 55. Nc6 e3 56. Ke1 g3 57. Nd4 Kxc3 58. Nf3 Kd3 59. Ng1 Ke4 60.
Ke2 Kf4 61. Nf3 Kg4 62. Kxe3 Kxh5 63. Ng1 Kg4 64. Ke2 h5 65. Nf3 h4 66. Ne5+
Kh3 67. Nf3 g2 68. Kf2 1/2-1/2

[Event "17ème Open International de La Réunion"]
[Site "Saint Denis"]
[Date "2015.10.10"]
[Round "9.23"]
[White "Dace, Jean Emeric"]
[Black "Petry, Joachim"]
[Result "1-0"]
[WhiteElo "1463"]
[BlackElo "1525"]
[PlyCount "99"]
[EventDate "2015.??.??"]

1. e4 d5 2. exd5 Nf6 3. d4 Nxd5 4. Nf3 e6 5. Bc4 b6 6. O-O Bb7 7. Bg5 f6 8. Bh4
Be7 9. Qe1 Qd7 10. Bg3 Na6 11. c3 c5 12. Qe2 Nac7 13. Nh4 O-O-O 14. a4 g5 15.
Nf3 h5 16. h3 h4 17. Bh2 f5 18. Ne5 Qe8 19. Na3 a6 20. Nc2 Bd6 21. Rfe1 Qg8 22.
Bb3 Nf4 23. Bxf4 gxf4 24. f3 Re8 25. Rf1 Qg7 26. Ne1 Rhg8 27. Rf2 Qg3 28. Kh1
Nd5 29. Nf7 Bc7 30. Ne5 Ne3 31. Rc1 Bd5 32. Bc2 Kb7 33. Bd3 a5 34. Ba6+ Ka7 35.
Bb5 Ref8 36. Bc6 Bxe5 37. Bxd5 exd5 38. dxe5 Qg7 39. b4 axb4 40. cxb4 c4 41.
Qb2 Re8 42. a5 b5 43. Qd4+ Ka8 44. a6 Qxe5 45. Qb6 Rb8 46. Qc6+ Ka7 47. Qd7+
Kb6 48. Ra2 Rg7 49. a7 Ra8 50. Ra6+ 1-0

[Event "17ème Open International de La Réunion"]
[Site "Saint Denis"]
[Date "2015.10.10"]
[Round "9.24"]
[White "Leonardy, Baptiste"]
[Black "Oster, Jean-Marie"]
[Result "0-1"]
[WhiteElo "1140"]
[BlackElo "1474"]
[PlyCount "52"]
[EventDate "2015.??.??"]

1. e4 c5 2. Nf3 Nc6 3. Nc3 Nf6 4. Bc4 e6 5. a3 d5 6. exd5 exd5 7. Qe2+ Be7 8.
Ba2 d4 9. Nd1 O-O 10. O-O b6 11. d3 Bb7 12. Re1 Re8 13. Bg5 h6 14. Bxf6 Bxf6
15. Qd2 Ne5 16. Nxe5 Bxe5 17. Rxe5 Rxe5 18. h3 Qe7 19. Nc3 dxc3 20. Qxc3 Re8
21. Bxf7+ Kxf7 22. Qc4+ Qe6 23. Qf4+ Qf6 24. Qc1 Re2 25. Qd1 Qxf2+ 26. Kh1
Qxg2# 0-1

[Event "17ème Open International de La Réunion"]
[Site "Saint Denis"]
[Date "2015.10.10"]
[Round "9.25"]
[White "Padre, Maxime"]
[Black "Etheve, Lionel"]
[Result "1-0"]
[WhiteElo "1200"]
[BlackElo "1390"]
[PlyCount "51"]
[EventDate "2015.??.??"]

1. e4 e5 2. Nf3 d6 3. d4 f6 4. Be2 Be6 5. O-O Ne7 6. c4 Nd7 7. Nc3 Ng6 8. h3
Be7 9. Qc2 O-O 10. d5 Bf7 11. Bd3 Nc5 12. Be3 Nxd3 13. Qxd3 a6 14. Rac1 Qd7 15.
Ne2 Rfc8 16. c5 Qd8 17. Rc2 Bf8 18. Rfc1 Nh8 19. cxd6 Bxd6 20. Bc5 Bh5 21. Ng3
Bxf3 22. Qxf3 Nf7 23. Nf5 b6 24. Bxd6 cxd6 25. Rxc8 Rxc8 26. Rxc8 1-0

[Event "17ème Open International de La Réunion"]
[Site "Saint Denis"]
[Date "2015.10.10"]
[Round "9.26"]
[White "Sandjivy, Vivien"]
[Black "Caminade, Lionel"]
[Result "1-0"]
[WhiteElo "1318"]
[BlackElo "1220"]
[PlyCount "81"]
[EventDate "2015.??.??"]

1. Nf3 d5 2. d4 e6 3. Bf4 Bd6 4. Ne5 Qe7 5. e3 Nd7 6. Bb5 a6 7. Ba4 b5 8. Bb3
Bb7 9. a4 b4 10. a5 c5 11. Ba4 Bxe5 12. Bxe5 f6 13. Bf4 f5 14. c3 Ngf6 15. Bg5
O-O 16. Bxf6 Qxf6 17. Bxd7 Qg6 18. O-O Rf7 19. Ba4 cxd4 20. Qxd4 Re7 21. Qxb4
d4 22. f3 Qg5 23. Qxd4 e5 24. Qc4+ Kh8 25. Qc5 Rc8 26. Qb6 Qg6 27. Qxg6 hxg6
28. Rd1 Rf8 29. Rd7 Rxd7 30. Bxd7 g5 31. Na3 Bc8 32. Bxc8 Rxc8 33. Rd1 Rc5 34.
Rd8+ Kh7 35. Ra8 Rxa5 36. Nc4 Ra4 37. Nxe5 Ra2 38. b4 Ra3 39. Kf2 Ra2+ 40. Kg3
Kh6 41. Rh8# 1-0

[Event "17ème Open International de La Réunion"]
[Site "Saint Denis"]
[Date "2015.10.10"]
[Round "9.27"]
[White "Mablouke, Ulrich"]
[Black "Vincent, Theo"]
[Result "1-0"]
[WhiteElo "1653"]
[BlackElo "1258"]
[PlyCount "29"]
[EventDate "2015.??.??"]

1. e4 e5 2. Nf3 Nc6 3. d4 Bd6 4. Bc4 Nf6 5. Nc3 Qe7 6. O-O O-O 7. Bg5 h6 8. Nd5
Qd8 9. Bxf6 gxf6 10. Nh4 f5 11. Nxf5 Be7 12. Ndxe7+ Nxe7 13. Qg4+ Ng6 14. Qxg6+
Kh8 15. Qg7# 1-0

[Event "17ème Open International de La Réunion"]
[Site "Saint Denis"]
[Date "2015.10.10"]
[Round "9.28"]
[White "Semrau, Christoph"]
[Black "Laoussing, Mathis"]
[Result "1-0"]
[WhiteElo "1397"]
[BlackElo "1270"]
[PlyCount "49"]
[EventDate "2015.??.??"]

1. d4 Nf6 2. Nf3 g6 3. Bf4 d6 4. h3 d5 5. Nc3 Nc6 6. e3 Bg7 7. Nb5 e5 8. dxe5
Nh5 9. Bh2 a6 10. Nc3 Bf8 11. Nxd5 Be6 12. Nc3 Bb4 13. a3 Bc5 14. Be2 Qc8 15.
g4 Ng7 16. Ng5 Bd7 17. Qd5 Ne6 18. Nxe6 Bxe6 19. Qxc5 Ne7 20. O-O-O b6 21. Qd4
O-O 22. Bf3 c5 23. Qf4 Rb8 24. Qf6 Nc6 25. Bf4 1-0

[Event "17ème Open International de La Réunion"]
[Site "Saint Denis"]
[Date "2015.10.10"]
[Round "9.29"]
[White "Pun Chung, Leo"]
[Black "Evrin, Selvam"]
[Result "0-1"]
[WhiteElo "1340"]
[BlackElo "1220"]
[PlyCount "51"]
[EventDate "2015.??.??"]

1. d4 Nf6 2. c4 c5 3. Nf3 Nc6 4. e3 cxd4 5. exd4 d5 6. Nc3 g6 7. Bg5 e6 8. cxd5
Nb4 9. Nb5 Nbxd5 10. Bc4 Bg7 11. Qd2 O-O 12. O-O b6 13. Nc3 Bb7 14. Rfe1 Qc7
15. b3 Nxc3 16. Qxc3 Ne4 17. Qe3 Nxg5 18. Nxg5 Rad8 19. Rad1 h6 20. Nf3 Bxf3
21. Qxf3 Bxd4 22. Qh3 h5 23. Qh4 Qc5 24. Re4 Bxf2+ 25. Qxf2 Rxd1+ 26. Re1 0-1

[Event "17ème Open International de La Réunion"]
[Site "Saint Denis"]
[Date "2015.10.10"]
[Round "9.30"]
[White "Ringayen, Francinel"]
[Black "Leccia, Thomas"]
[Result "1-0"]
[WhiteElo "1320"]
[BlackElo "1162"]
[PlyCount "73"]
[EventDate "2015.??.??"]

1. e4 e5 2. Nf3 Nc6 3. Bc4 Bc5 4. d3 h6 5. O-O Nf6 6. h3 O-O 7. Nc3 d6 8. Re1
Be6 9. Bxe6 fxe6 10. a3 a5 11. Be3 Nd4 12. Bxd4 exd4 13. Ne2 e5 14. Qd2 Bb6 15.
c3 c5 16. g3 Nxe4 17. dxe4 Rxf3 18. Kg2 Rf8 19. cxd4 exd4 20. Qd3 Qf6 21. Rf1
Qf3+ 22. Qxf3 Rxf3 23. Kxf3 Rf8+ 24. Kg2 Rd8 25. Rad1 Kh7 26. Nf4 g5 27. Nd5
Ba7 28. a4 Kg6 29. b3 Re8 30. f3 Rb8 31. Rd3 b5 32. Ne7+ Kh7 33. Nc6 Rb7 34.
Nxa5 Rb6 35. axb5 Rxb5 36. Nc4 Bb8 37. Ra1 1-0

[Event "17ème Open International de La Réunion"]
[Site "Saint Denis"]
[Date "2015.10.10"]
[Round "9.31"]
[White "Caminade, Hugo"]
[Black "Jouve, Marius"]
[Result "0-1"]
[WhiteElo "1247"]
[BlackElo "1430"]
[PlyCount "47"]
[EventDate "2015.??.??"]

1. d4 d5 2. g3 Nf6 3. Nf3 Nc6 4. c3 Bg4 5. Bg2 e6 6. b4 a6 7. a4 Be7 8. Nbd2
O-O 9. Ba3 Re8 10. Nb3 Bd6 11. Nc5 b6 12. Nb7 Qb8 13. Nxd6 cxd6 14. Qb3 Ne7 15.
O-O Ne4 16. Rab1 Bxf3 17. Rb2 Bxg2 18. Kxg2 Rc8 19. Rc1 Nf5 20. f3 Nf6 21. b5
a5 22. c4 dxc4 23. Rxc4 Rxc4 24. Qxc4 0-1

[Event "17ème Open International de La Réunion"]
[Site "Saint Denis"]
[Date "2015.10.10"]
[Round "9.32"]
[White "Dazin, Nathan"]
[Black "Boyer, Mathis"]
[Result "0-1"]
[WhiteElo "1199"]
[BlackElo "1210"]
[PlyCount "108"]
[EventDate "2015.??.??"]

1. e4 e5 2. Nf3 Nc6 3. Bc4 h6 4. d3 Bc5 5. O-O d6 6. h3 Qf6 7. Be3 Nd4 8. Nxd4
Bxd4 9. Nc3 Bxc3 10. bxc3 Qg6 11. Qf3 Nf6 12. d4 Qxe4 13. Qxe4 Nxe4 14. dxe5
dxe5 15. Bd5 Nxc3 16. Bd2 Nxd5 17. Rfe1 f6 18. Ba5 Bf5 19. Red1 Nb6 20. Bxb6
axb6 21. Re1 Bxc2 22. f4 e4 23. Re2 Bd3 24. Ree1 f5 25. Rac1 c6 26. Rb1 Bxb1
27. Rxb1 Rxa2 28. Rxb6 Ra7 29. Rb4 Kf7 30. Rd4 Re8 31. Rd7+ Re7 32. Rd6 e3 33.
Rd1 Ra2 34. Rf1 b5 35. Rc1 e2 36. Re1 b4 37. g4 Rd2 38. Kf2 Rd1 39. Rxe2 Rxe2+
40. Kxe2 Rh1 41. gxf5 Rxh3 42. Kd2 Rf3 43. Kc2 h5 44. Kd2 Rxf4 45. Ke3 Rxf5 46.
Ke4 g6 47. Kd4 h4 48. Kc4 h3 49. Kxb4 h2 50. Kc4 h1=Q 51. Kd3 Qh4 52. Ke2 Qf2+
53. Kd1 Ra5 54. Kc1 Ra1# 0-1

[Event "17ème Open International de La Réunion"]
[Site "Saint Denis"]
[Date "2015.10.10"]
[Round "9.33"]
[White "Cazal, Julian"]
[Black "Larmet, Nino"]
[Result "0-1"]
[WhiteElo "1070"]
[BlackElo "1000"]
[PlyCount "48"]
[EventDate "2015.??.??"]

1. e4 c5 2. Nc3 Nc6 3. Nf3 e6 4. Bc4 a6 5. d3 b5 6. Bb3 Nf6 7. O-O d5 8. e5 Ng4
9. Bg5 Be7 10. Qd2 O-O 11. Qf4 f5 12. exf6 Nxf6 13. Rfe1 c4 14. dxc4 dxc4 15.
Ne5 Nxe5 16. Rxe5 cxb3 17. axb3 h6 18. Bxh6 Rf7 19. Ne4 Nd7 20. Rg5 Bxg5 21.
Nxg5 Qf6 22. Qe4 Qxf2+ 23. Kh1 Qf1+ 24. Rxf1 Rxf1# 0-1

[Event "17ème Open International de La Réunion"]
[Site "Saint Denis"]
[Date "2015.10.10"]
[Round "9.34"]
[White "Alex-Geerjanan, Nils"]
[Black "Collet, Marine Celine Theres"]
[Result "0-1"]
[WhiteElo "1120"]
[BlackElo "1450"]
[PlyCount "76"]
[EventDate "2015.??.??"]

1. e4 e5 2. Nf3 Nc6 3. Bc4 Bc5 4. c3 Nf6 5. d4 exd4 6. cxd4 Bb4+ 7. Bd2 Bxd2+
8. Nbxd2 d5 9. exd5 Nxd5 10. O-O O-O 11. h3 Be6 12. Bb3 Qf6 13. Qe2 Qg6 14. Nh4
Qg5 15. Qe4 f5 16. Qxe6+ Kh8 17. Bc2 Rae8 18. Qxd5 Rd8 19. Qc5 Rd6 20. Nxf5
Rff6 21. Ng3 Rd5 22. Rfe1 g6 23. Re8+ Kg7 24. Qxa7 Nxa7 25. Nge4 Qh4 26. Nc4
Rxd4 27. Ne3 Rxe4 28. Bxe4 Qxf2+ 29. Kh2 Qxe3 30. Re7+ Kf8 31. Rxc7 Qf4+ 32.
Kg1 Qxc7 33. Bc2 Qxc2 34. b4 Qf2+ 35. Kh2 Qf4+ 36. Kg1 Qd4+ 37. Kh2 Qxa1 38. g3
Rf2# 0-1

[Event "17ème Open International de La Réunion"]
[Site "Saint Denis"]
[Date "2015.10.10"]
[Round "9.35"]
[White "Boyer, Frederick"]
[Black "Hubert, Nathan"]
[Result "1-0"]
[WhiteElo "1200"]
[BlackElo "1020"]
[PlyCount "61"]
[EventDate "2015.??.??"]

1. d4 d5 2. Nc3 Nf6 3. e3 Bf5 4. f3 h5 5. h4 Nc6 6. Bd2 Nb4 7. Bd3 Bxd3 8. cxd3
Nxd3+ 9. Ke2 Nxb2 10. Qb3 Nc4 11. Qb4 c6 12. Qxb7 Rb8 13. Qxc6+ Qd7 14. Qxd7+
Kxd7 15. Nh3 Nxd2 16. Kxd2 Rb2+ 17. Kd3 Rxg2 18. Rab1 Kc8 19. Rb5 e6 20. Rhb1
Bd6 21. Rb7 Rg3 22. Ng5 Nd7 23. Nxf7 Rf8 24. Nxd6+ Kd8 25. f4 Rxf4 26. Ne2
Rxd4+ 27. Nxd4 Nc5+ 28. Ke2 Rg2+ 29. Kf3 Rxa2 30. Rxg7 Nd3 31. Rb8# 1-0